|
|
|
|
| LEADER |
00000nab a2200000 a 4500 |
| 001 |
vtls008828602 |
| 003 |
SK-MaSNL |
| 005 |
20260304150628.0 |
| 008 |
250505c2006 xo qr|p|||||||000 b|slo |
| 015 |
|
|
|a SNBRB2006/07
|2 snkbucl
|
| 035 |
|
|
|a urn:nbn:sk:snk-ab8dru
|
| 035 |
|
|
|a (urnnbn)urn:nbn:sk:snk:ar-a09c4k
|
| 035 |
|
|
|a (uuid)183081e6-c851-4b05-90da-df4bd701a817
|
| 038 |
|
|
|a SNKBUCL
|
| 040 |
|
|
|a SNKBUCL
|b slo
|c SNKBUCL
|e AACR2
|
| 041 |
0 |
|
|a slo
|b eng
|
| 044 |
|
|
|a xo
|c SK
|
| 080 |
|
|
|a 792
|x (437.6)
|x "19"
|2 2001
|
| 080 |
|
|
|a 792.071.2:792.027.2
|2 2001
|
| 080 |
|
|
|a 792.027.2
|2 2001
|
| 100 |
1 |
|
|a Panovová, Oľga,
|d 1953-
|4 aut
|9 202950
|
| 245 |
1 |
0 |
|a Odkaz medzivojnovej avantgardy v slovenskom divadle
|b (70.-80. roky 20. storočia a režisér Blaho Uhlár)
|c Oľga Panovová
|
| 500 |
|
|
|a Poznámky
|
| 546 |
|
|
|a Res. angl.
|
| 600 |
1 |
7 |
|a Uhlár, Blahoslav,
|d 1951-2024
|2 snkbucl
|9 103455
|
| 648 |
|
7 |
|a 20. stor., 70.-80. r.
|2 snkbucl
|9 1046905
|
| 650 |
0 |
7 |
|a slovenské divadlo
|2 snkbucl
|9 3370
|
| 650 |
0 |
7 |
|a divadelná avantgarda
|x slovenské divadlo
|2 snkbucl
|9 88212
|
| 773 |
0 |
|
|t Slovenské divadlo
|g Roč. 54, č. 2 (2006), s. 319-333
|x 0037-699X
|
| 850 |
|
|
|a Slovenská národná knižnica
|
| 852 |
|
|
|a Slovenská národná knižnica
|
| 954 |
|
|
|a odborná, vedecká literatúra pôvodná (slovenská)
|2 lita
|
| 958 |
|
|
|a article9
|
| 958 |
|
|
|a OND
|
| 958 |
|
|
|a SK
|
| 958 |
|
|
|a EUIPO
|
| 999 |
|
|
|c 2938902
|d 2940832
|